Hot water emission spectra: Rotational energy levels of the (0 0 0) and (0 1 0) states of HD17O; Journal of Molecular Spectroscopy; Vol. 308-309
| Parent link: | Journal of Molecular Spectroscopy.— , 1957- Vol. 308-309.— 2015.— [P. 6–19] |
|---|---|
| Hovedforfatter: | |
| Institution som forfatter: | |
| Andre forfattere: | , |
| Summary: | Title screen The rotational transitions of the HD17O water isotopologue have been assigned in a high temperature emission spectrum between 320 and 520 cm−1 of water vapor enriched by deuterium and 17O. We assigned 169 emission lines to 189 partly overlapping transitions of pure rotational and the ν2-ν2 rotational bands. A new extended set of 390 rotational energy levels for the (0 0 0) and (0 1 0) vibration states of HD17O up to J = 17 and Ka = 13 was obtained by combination of the new line transitions with those reported in previous studies. We constructed an effective rotational Hamiltonian based on the generation function approach. For this Hamiltonian the deviation between calculated and measured eigenenergies is in the order of 0.001 cm−1. We report a new calculated linelist based on our new energy level list. Our linelist supersedes the IUPAC linelist for the HD17O water isotopologue as it is based on a substantially extended set of accurate transition wavenumbers. Режим доступа: по договору с организацией-держателем ресурса |
| Sprog: | engelsk |
| Udgivet: |
2015
|
| Fag: | |
| Online adgang: | http://dx.doi.org/10.1016/j.jms.2014.12.023 |
| Format: | Electronisk Book Chapter |
| KOHA link: | https://koha.lib.tpu.ru/cgi-bin/koha/opac-detail.pl?biblionumber=639775 |
MARC
| LEADER | 00000naa0a2200000 4500 | ||
|---|---|---|---|
| 001 | 639775 | ||
| 005 | 20250218160517.0 | ||
| 035 | |a (RuTPU)RU\TPU\network\4287 | ||
| 035 | |a RU\TPU\network\1815 | ||
| 090 | |a 639775 | ||
| 100 | |a 20150323d2015 k||y0engy50 ba | ||
| 101 | 0 | |a eng | |
| 102 | |a US | ||
| 135 | |a drcn ---uucaa | ||
| 181 | 0 | |a i | |
| 182 | 0 | |a b | |
| 200 | 1 | |a Hot water emission spectra: Rotational energy levels of the (0 0 0) and (0 1 0) states of HD17O |f G. Ch. Mellau, S. N. Mikhailenko, V. G. Tyuterevd | |
| 203 | |a Text |c electronic | ||
| 300 | |a Title screen | ||
| 320 | |a [References: p. 19 (48 tit.)] | ||
| 330 | |a The rotational transitions of the HD17O water isotopologue have been assigned in a high temperature emission spectrum between 320 and 520 cm−1 of water vapor enriched by deuterium and 17O. We assigned 169 emission lines to 189 partly overlapping transitions of pure rotational and the ν2-ν2 rotational bands. A new extended set of 390 rotational energy levels for the (0 0 0) and (0 1 0) vibration states of HD17O up to J = 17 and Ka = 13 was obtained by combination of the new line transitions with those reported in previous studies. We constructed an effective rotational Hamiltonian based on the generation function approach. For this Hamiltonian the deviation between calculated and measured eigenenergies is in the order of 0.001 cm−1. We report a new calculated linelist based on our new energy level list. Our linelist supersedes the IUPAC linelist for the HD17O water isotopologue as it is based on a substantially extended set of accurate transition wavenumbers. | ||
| 333 | |a Режим доступа: по договору с организацией-держателем ресурса | ||
| 461 | |t Journal of Molecular Spectroscopy |d 1957- | ||
| 463 | |t Vol. 308-309 |v [P. 6–19] |d 2015 | ||
| 610 | 1 | |a электронный ресурс | |
| 610 | 1 | |a труды учёных ТПУ | |
| 610 | 1 | |a water molecule | |
| 610 | 1 | |a far infrared spectroscopy | |
| 610 | 1 | |a rotation-vibration assignment | |
| 700 | 1 | |a Mellau |b G. Ch. |g Georg | |
| 701 | 1 | |a Tyuterevd |b V. G. |g Vladimir | |
| 701 | 1 | |a Mikhailenko |b S. N. |c physicist |c Associate Professor of Tomsk Polytechnic University, Candidate of physical and mathematical sciences |f 1962- |g Semen Nikolaevich |3 (RuTPU)RU\TPU\pers\34035 |9 17600 | |
| 712 | 0 | 2 | |a Национальный исследовательский Томский политехнический университет (ТПУ) |b Физико-технический институт (ФТИ) |b Кафедра высшей математики и математической физики (ВММФ) |3 (RuTPU)RU\TPU\col\18727 |
| 801 | 2 | |a RU |b 63413507 |c 20160311 |g RCR | |
| 856 | 4 | |u http://dx.doi.org/10.1016/j.jms.2014.12.023 | |
| 942 | |c CF | ||